000 00667cam a22002413a 4500
001 32780
003 PGUSA
005 20140828083717.0
008 100612s2010||||xxu|||||s|||||000 1 eng d
040 _aPGUSA
_beng
042 _adc
050 4 _aPS
100 1 _aGallun, Raymond Z.,
_d1911-1994
245 1 0 _aAsteroid of Fear
_h[electronic resource] /
_cRaymond Z. Gallun
260 _bProject Gutenberg,
_c2010
506 _aPublic domain in the USA.
516 _aElectronic text
653 _aScience fiction
653 _aSpace colonies -- Fiction
830 0 _aProject Gutenberg
_v32780
856 4 0 _uhttp://www.gutenberg.org/ebooks/32780
942 _cEB
999 _c262035
_d262035